| 000 | 00454nam a2200145Ia 4500 | ||
|---|---|---|---|
| 008 | 230917s9999||||xx |||||||||||||| ||und|| | ||
| 040 |
_e164630 _aMAIN |
||
| 041 | _aEnglish | ||
| 082 | _a891.43152109 BH122:DI | ||
| 100 | _aदीवान इन्दुबाला | ||
| 245 | 0 | _aबच्चनः अनुभति और अभिव्यार्घृ | |
| 260 |
_aदिल्ली _bसूर्य _c1984 |
||
| 300 | _a144 p. | ||
| 942 | _cHN | ||
| 999 |
_c41611 _d41611 |
||